specialisaties zone centrum - Statistics

General Stats
  • This quiz has been taken 20 times
  • The average score is 9 of 12
Answer Stats
Answer % Correct
chauffeur
100%
duikers
100%
brandanalyse
75%
CET
75%
FIST (fire stress team)
75%
gaspakdragers
75%
GWT
75%
redddingshonden
75%
redden van dieren
75%
RED team (klim)
75%
zware THV
75%
dispatcher
50%
No matching quizzes found
Score Distribution
Percent of People with Each Score
Percentile by Number Answered
Your Score History
You have not taken this quiz